=LDR 00000nam 2200000 4500 =001 INLIS000000000022843 =005 20250415084536 =035 ##$$a 0010-061300000022843 =008 250415################d##########0#ind## =041 ##$$a Ind =082 ##$$a 028.55 =090 ##$$a 028.55, Mih k =100 ##$$a Miharja, Krisna =245 1#$$a Ketika gelap menjadi terang, Krishna Miharja /$c Krisha miharja =260 ##$:$b Jakarta,$c 1996 =300 ##$$a 178 hlm ; $c 20 x 14 cm =650 #4$$a Bacaan anak-anak =850 ##$$a NBPNMAT =020 ##$$a 979-507-178-5 =084 ##$$a 028.55 MIH k =990 ##$$a 115.214/Pro.97